00292nam a2200121Ia 4500008004100000041000900041082001900050100002500069245002100094260003900115300000800154650000800162230718s9999 xx 000 0 und d aEng. a346.047bJUS-A ajustice faazal karim 0aacess of justice aPakistanbpakistan law housec2020 a626 aLaw